[Event "LSS RN-2010-0-00257"]
[Site "LSS email"]
[Date "2010.02.05"]
[Round "?"]
[White "McDaniel, Jeff"]
[Black "Sverdlov, Dimitri"]
[Result "0-1"]
[WhiteElo "644"]
[BlackElo "800"]
[PlyCount "44"]
[EventDate "2010.01.16"]
[EventType "tourn (corr)"]
[EventRounds "6"]
[EventCountry "GER"]
[SourceTitle "Corr 2013"]
[Source "ChessBase"]
[SourceDate "2012.11.12"]
[SourceVersion "1"]
[SourceVersionDate "2012.11.12"]
[SourceQuality "1"]

1. d4 Nf6 2. c4 c5 3. d5 b5 4. Bg5 Ne4 5. Bf4 Qa5+ 6. Nd2 g5 7. Be3 bxc4 8. f3 Nf6 9. Qc2 Nxd5 10. Bxg5 h6 11. Qxc4 Nb6 12. Qh4 Nc6 13. Bf4 Bg7 14. e4 Bxb2 15. Rb1 Qxa2 16. Nh3 c4 17. Rd1 c3 18. Nc4 Nxc4 19. Bd3 c2 20. Bxc2 Bc3+ 21. Bd2 Nxd2 22. Bd3 Nc4+ 0-1